[Event "Starogard Gdanski-ch"]
[Site "Starogard Gdanski"]
[Date "2017.10.13"]
[Round "2.2"]
[White "Zielinski, Edmund"]
[Black "Kozlowski, Zbigniew"]
[Result "1-0"]
[WhiteElo "1800"]
[BlackElo "1346"]
[PlyCount "105"]
[EventDate "2017.10.06"]
[EventType "tourn"]
[EventRounds "9"]
[EventCountry "POL"]
[SourceTitle "EXT 2023"]
[Source "ChessBase"]
[SourceDate "2022.10.05"]
[SourceVersion "1"]
[SourceVersionDate "2022.10.05"]
[SourceQuality "1"]

1. d4 Nf6 2. Bf4 d5 3. c3 e6 4. Nf3 c5 5. e3 Bd6 6. Bxd6 Qxd6 7. Nbd2 0-0 8. Ne5 Nbd7 9. Ndf3 Nxe5 10. Nxe5 Nd7 11. Nf3 a6 12. g3 b5 13. a3 Re8 14. Bg2 Bb7 15. 0-0 Rab8 16. Re1 h6 17. Re2 a5 18. Rd2 c4 19. Re2 b4 20. axb4 axb4 21. b3 bxc3 22. bxc4 Ba6 23. Rc2 Bxc4 24. Rxc3 Rb4 25. Qc1 Reb8 26. Nd2 Qc7 27. Bf1 Nb6 28. Bxc4 Nxc4 29. Nxc4 Rxc4 30. Rxc4 dxc4 31. Ra4 c3 32. Qc2 Rb2 33. Ra8+ Rb8 34. Rxb8+ Qxb8 35. Qxc3 Qb1+ 36. Kg2 Qe4+ 37. f3 Qb1 38. Qd2 Qb7 39. Kf2 Qe7 40. e4 e5 41. d5 Qd6 42. Qc3 f6 43. Qc8+ Kf7 44. Qc3 Ke7 45. Qe3 Kf7 46. h4 Ke7 47. g4 Kf7 48. Kg3 Kf8 49. f4 exf4+ 50. Qxf4 Qxf4+ 51. Kxf4 g5+ 52. hxg5 hxg5+ 53. Kf5 1-0

[Event "Starogard Gdanski-ch"]
[Site "Starogard Gdanski"]
[Date "2017.10.06"]
[Round "1.4"]
[White "Ossowski, Boleslaw"]
[Black "Zielinski, Edmund"]
[Result "1-0"]
[WhiteElo "1574"]
[BlackElo "1800"]
[PlyCount "77"]
[EventDate "2017.10.06"]
[EventType "tourn"]
[EventRounds "9"]
[EventCountry "POL"]
[SourceTitle "EXT 2023"]
[Source "ChessBase"]
[SourceDate "2022.10.05"]
[SourceVersion "1"]
[SourceVersionDate "2022.10.05"]
[SourceQuality "1"]

1. e4 c6 2. d4 d5 3. e5 e6 4. Nf3 g6 5. c4 Nd7 6. cxd5 cxd5 7. Bb5 a6 8. Bd3 b5 9. 0-0 f5 10. Ng5 Nb6 11. b3 Bh6 12. Nf3 Qe7 13. Qc2 Bb7 14. a4 Rc8 15. Qb2 Bxc1 16. Rxc1 Rxc1+ 17. Qxc1 bxa4 18. bxa4 Qd7 19. a5 Qc8 20. Qb2 Nd7 21. Nbd2 h6 22. h3 Rh7 23. Nb3 Ne7 24. Rc1 Qb8 25. Nc5 Nxc5 26. Rxc5 Qa8 27. Rc7 Bc8 28. Qb6 Rf7 29. Ra7 Qc6 30. Rxe7+ Rxe7 31. Qxc6+ Bd7 32. Qxa6 Kf7 33. Bb5 Bxb5 34. Qxb5 g5 35. a6 Kg6 36. Qb6 Kh5 37. a7 Re8 38. Qc6 Rg8 39. a8Q 1-0